Nonribosomal peptides from cyanobacteria [abstract] /

Elmentve itt :
Bibliográfiai részletek
Szerző: Vasas Gábor
Testületi szerző: Trends in Natural Product Research
Dokumentumtípus: Könyv része
Megjelent: Phytochemical Society of Europe ; University of Szeged Leicester ; Szeged 2019
Sorozat:Trends in Natural Product Research – PSE Young Scientists’ Meeting
Kulcsszavak:Peptidek - előadáskivonat
Tárgyszavak:
doi:10.14232/tnpr.2019.pl15

Online Access:http://acta.bibl.u-szeged.hu/61976
LEADER 00897naa a2200217 i 4500
001 acta61976
005 20230613084903.0
008 190725s2019 hu o 1|| eng d
024 7 |a 10.14232/tnpr.2019.pl15  |2 doi 
040 |a SZTE Egyetemi Kiadványok Repozitórium  |b hun 
041 |a eng 
100 1 |a Vasas Gábor 
245 1 0 |a Nonribosomal peptides from cyanobacteria   |h [elektronikus dokumentum] :  |b [abstract] /  |c  Vasas Gábor 
260 |a Phytochemical Society of Europe ; University of Szeged  |b Leicester ; Szeged  |c 2019 
300 |a 43 
490 0 |a Trends in Natural Product Research – PSE Young Scientists’ Meeting 
650 4 |a Természettudományok 
650 4 |a Kémiai tudományok 
695 |a Peptidek - előadáskivonat 
711 |a Trends in Natural Product Research  |c Budapest  |d 2019. június 19-21. 
856 4 0 |u http://acta.bibl.u-szeged.hu/61976/1/ysm_2019_043.pdf  |z Dokumentum-elérés